000 01149nam a22002777cc4500
001 000030295
003 RuMoIPM
005 20260413133032.0
008 240829b1935 ur ||||| |||| 00| 0 rus d
035 _a(RuMoBEN) 002268692
040 _aRuMoBEN
_brus
_ercr
041 _arus
_hger
080 _a51(042)(0.068)
080 _a51(07)(0.068)
080 _a511
080 _a512
080 _a517
245 _aТ. 1 : Арифметика. Алгебра. Анализ
_cФ. Клейн
260 _c1935
300 _a480 с.
_bил.
500 _aПер. изд.: Elementarmathematik vom höheren Standpunkte aus ausgearbeitet von E. Hellinger. Bd. 1 / Felix Klein. - 3. Aufl. Berlin : Springer, 1924
504 _aБиблиогр. в подстроч. примеч.
555 _aИмен., предм. указ.: с. 471-480
773 _aКлейн, Феликс
_tЭлементарная математика с точки зрения высшей: Лекции, читанные в Геттингенском университете
_b3-е изд
_w000030294
_dМосква | Ленинград: ОНТИ, 1935-
942 _cBK
999 _c30295
_d30295